Online
Catalog

Código ético : (Record no. 2684)

MARC details
000 -CABECERA
campo de control de longitud fija 00738cam a2200229 a 4500
001 - NÚMERO DE CONTROL
campo de control 000002850
005 - FECHA Y HORA DE LA ÚLTIMA TRANSACCIÓN
campo de control 20260417112310.0
008 - DATOS DE LONGITUD FIJA--INFORMACIÓN GENERAL
campo de control de longitud fija 760630s1975 sp 001 0 spa
020 ## - NÚMERO INTERNACIONAL ESTÁNDAR DEL LIBRO
Número Internacional Estándar del Libro 8432505307
040 ## - FUENTE DE LA CATALOGACIÓN
Centro catalogador/agencia de origen DO-SdBNP
Lengua de catalogación spa
Centro/agencia transcriptor BNPHU
082 ## - NÚMERO DE LA CLASIFICACIÓN DECIMAL DEWEY
Número de clasificación 155.5
Número de documento/Ítem R763c
100 1# - ENTRADA PRINCIPAL--NOMBRE DE PERSONA
Nombre de persona Romero Rubio, Andrés
9 (RLIN) 9033
245 10 - MENCIÓN DE TÍTULO
Título Código ético :
Resto del título medios de comunicación infantiles y juveniles /
Mención de responsabilidad, etc. Andrés Romero Rubio.
260 ## - PUBLICACIÓN, DISTRIBUCIÓN, ETC.
Lugar de publicación, distribución, etc. Madrid :
Nombre del editor, distribuidor, etc. Doncel,
Fecha de publicación, distribución, etc. 1975.
300 ## - DESCRIPCIÓN FÍSICA
Extensión 390 p. ;
Dimensiones 18 cm.
490 1# - MENCIÓN DE SERIE
Mención de serie Veritas et libertas
Designación de volumen o secuencia 2
650 #0 - PUNTO DE ACCESO ADICIONAL DE MATERIA--TÉRMINO DE MATERIA
Término de materia o nombre geográfico como elemento de entrada Psicología del adolescente
9 (RLIN) 9034
650 #0 - PUNTO DE ACCESO ADICIONAL DE MATERIA--TÉRMINO DE MATERIA
Término de materia o nombre geográfico como elemento de entrada Psicología infantil
9 (RLIN) 2718
650 #0 - PUNTO DE ACCESO ADICIONAL DE MATERIA--TÉRMINO DE MATERIA
Término de materia o nombre geográfico como elemento de entrada Ética
9 (RLIN) 509
650 #4 - PUNTO DE ACCESO ADICIONAL DE MATERIA--TÉRMINO DE MATERIA
Término de materia o nombre geográfico como elemento de entrada Comunicación
Subdivisión general Aspectos sociales
9 (RLIN) 1659
830 #0 - PUNTO DE ACCESO ADICIONAL DE SERIE-TÍTULO UNIFORME
Título uniforme Veritas et libertas ;
Designación de volumen o secuencia 2
9 (RLIN) 9035
Holdings
Estado de retiro Estado de pérdida Restricciones de uso No para préstamo Código de colección Localización permanente Ubicación/localización actual Ubicación en estantería Fecha de adquisición Número de inventario Total de préstamos Signatura topográfica completa Código de barras Fecha visto por última vez Precio válido a partir de Tipo de ítem Koha Número de copia
    Préstamo interno   Monografías: Libros y Folletos General General Depósito 03.07.2009 LF1   155.5 R763c 2850-10 25.06.2020 25.06.2020 Préstamo interno  
    Préstamo interno   Monografías: Libros y Folletos General General Depósito 04.07.2009 LF1   155.5 R763c 2850-30 25.06.2020 25.06.2020 Préstamo interno e. 3
    Préstamo interno   Monografías: Libros y Folletos General General Depósito 01.03.2010 LF1   155.5 R763c 2850-50 25.06.2020 25.06.2020 Préstamo interno e. 4
    Préstamo restringido Préstamo restrigido Monografías: Libros y Folletos Patrimonio Dominicano Patrimonio Dominicano Depósito 04.07.2009 LF1   155.5 R763c 2850-20 25.06.2020 25.06.2020 Préstamo interno e. 2

Powered by Koha